[Event "Nakhchivan Open"]
[Site "Nakhchivan AZE"]
[Date "2011.04.24"]
[Round "2"]
[White "Filippov, Anton"]
[Black "Almasi, Zoltan"]
[Result "0-1"]
[WhiteElo "2604"]
[BlackElo "2719"]
[PlyCount "116"]
[EventDate "2011.04.23"]

1. e4 e5 2. Nf3 Nc6 3. Bb5 a6 4. Ba4 Nf6 5. O-O Be7 6. Re1 b5 7. Bb3 O-O 8. c3
d6 9. h3 Na5 10. Bc2 c5 11. d4 Nd7 12. Nbd2 exd4 13. cxd4 Nc6 14. Nb3 a5 15.
Be3 a4 16. Nc1 a3 17. b3 Bf6 18. Ne2 Nb4 19. Bb1 Bb7 20. Qd2 Re8 21. Ng3 g6 22.
Bg5 Bxg5 23. Nxg5 Nc6 24. Nf3 Qa5 25. Rd1 Qxd2 26. Rxd2 Nb4 27. dxc5 Nxc5 28.
Rxd6 Rad8 29. Rxd8 Rxd8 30. Kf1 f5 31. exf5 Bxf3 32. gxf3 Rd2 33. fxg6 hxg6 34.
Ke1 Rb2 35. Ne2 Nbd3+ 36. Bxd3 Nxd3+ 37. Kf1 Rd2 38. b4 Nxb4 39. Nc3 Nc2 40.
Rc1 Nd4 41. Rb1 Rb2 42. Rxb2 axb2 43. Nb1 b4 44. a3 bxa3 45. Nxa3 Kf7 46. Nb1
Ke6 47. Ke1 Kd5 48. Kd2 Kc4 49. f4 Kb3 50. Kd3 Ne6 51. f5 gxf5 52. h4 Ka2 53.
Nc3+ Ka1 54. h5 Nf4+ 55. Kc2 Ne2 56. Nb1 Nd4+ 57. Kc3 Kxb1 58. h6 Ne2+ 0-1

[Event "Nakhchivan Open"]
[Site "Nakhchivan AZE"]
[Date "2011.04.24"]
[Round "2"]
[White "Vallejo Pons, Francisco"]
[Black "Shanava, Konstantine"]
[Result "1-0"]
[WhiteElo "2707"]
[BlackElo "2560"]
[PlyCount "89"]
[EventDate "2011.04.23"]

1. e4 c5 2. Nf3 d6 3. d4 cxd4 4. Nxd4 Nf6 5. Nc3 Nc6 6. Bg5 Bd7 7. Qd2 Rc8 8.
f4 Nxd4 9. Qxd4 Qa5 10. e5 dxe5 11. fxe5 e6 12. O-O-O Bc6 13. Bb5 Nd5 14. Bxc6+
bxc6 15. a3 Bc5 16. Qa4 Qxa4 17. Nxa4 Bf8 18. Rd3 h6 19. Bd2 g5 20. Rb3 Bg7 21.
Re1 O-O 22. c4 Ne7 23. Nc5 Ng6 24. Bc3 Rb8 25. Rxb8 Rxb8 26. b4 Rd8 27. Kc2 Bf8
28. Ne4 Bg7 29. Nc5 Bf8 30. Nb7 Rd7 31. Na5 Rc7 32. g3 Bg7 33. a4 a6 34. Re2
Bf8 35. Rd2 Be7 36. c5 Kf8 37. Rd6 Bxd6 38. exd6 Rc8 39. b5 axb5 40. axb5 Ke8
41. bxc6 Nf8 42. Bg7 Nd7 43. cxd7+ Kxd7 44. Nb3 h5 45. Kd3 1-0

[Event "Nakhchivan Open"]
[Site "Nakhchivan AZE"]
[Date "2011.04.24"]
[Round "2"]
[White "Wang Yue"]
[Black "Gagunashvili, Merab"]
[Result "1/2-1/2"]
[WhiteElo "2734"]
[BlackElo "2599"]
[PlyCount "53"]
[EventDate "2011.04.23"]

1. d4 d5 2. c4 c6 3. Nc3 Nf6 4. Nf3 e6 5. Bg5 Nbd7 6. cxd5 cxd5 7. e3 Be7 8.
Bd3 b6 9. O-O O-O 10. Rc1 Bb7 11. Qe2 Ne4 12. Bxe7 Qxe7 13. Nb5 Rfc8 14. Nc7
Rab8 15. Ba6 Ndc5 16. Bxb7 Nxb7 17. Na6 Ra8 18. Ne5 Nd8 19. Qb5 Nd6 20. Qb4 f6
21. Nd3 Rxc1 22. Rxc1 Rc8 23. Rxc8 Nxc8 24. Qxe7 Nxe7 25. f3 Kf7 26. Kf2 g5 27.
Nc7 1/2-1/2

[Event "Nakhchivan Open"]
[Site "Nakhchivan AZE"]
[Date "2011.04.25"]
[Round "3"]
[White "Almasi, Zoltan"]
[Black "Sokolov, Ivan"]
[Result "1/2-1/2"]
[WhiteElo "2719"]
[BlackElo "2643"]
[PlyCount "46"]
[EventDate "2011.04.23"]

1. e4 e5 2. Nf3 Nc6 3. Bb5 a6 4. Ba4 d6 5. O-O Bd7 6. d4 Nxd4 7. Bxd7+ Qxd7 8.
Nxd4 exd4 9. Qxd4 Ne7 10. Nc3 Nc6 11. Qd3 Be7 12. Nd5 O-O 13. b3 Rae8 14. Bb2
Bd8 15. f4 f5 16. exf5 Qxf5 17. Qc4 Qf7 18. Qc3 Nb8 19. Rf3 Nd7 20. Rg3 Nf6 21.
Rd1 c6 22. Nxf6+ Bxf6 23. Qxf6 Qxf6 1/2-1/2

[Event "Nakhchivan Open"]
[Site "Nakhchivan AZE"]
[Date "2011.04.25"]
[Round "3"]
[White "Ibrahimov, Rasul"]
[Black "Wang Yue"]
[Result "1/2-1/2"]
[WhiteElo "2526"]
[BlackElo "2734"]
[PlyCount "41"]
[EventDate "2011.04.23"]

1. Nf3 d5 2. d4 Nf6 3. c4 c6 4. Nc3 dxc4 5. a4 Bf5 6. Ne5 Nbd7 7. Nxc4 Nb6 8.
Ne5 a5 9. f3 Nfd7 10. Nxd7 Nxd7 11. e4 Bg6 12. Be2 Qb6 13. f4 e5 14. dxe5 Nc5
15. Bc4 Nxe4 16. Qe2 Nxc3 17. bxc3 h5 18. e6 f6 19. Bd3 f5 20. Rb1 Qc7 21. Qc2
1/2-1/2

[Event "Nakhchivan Open"]
[Site "Nakhchivan AZE"]
[Date "2011.04.25"]
[Round "3"]
[White "Landa, Konstantin"]
[Black "Vallejo Pons, Francisco"]
[Result "1/2-1/2"]
[WhiteElo "2609"]
[BlackElo "2707"]
[PlyCount "34"]
[EventDate "2011.04.23"]

1. e4 c5 2. Nf3 d6 3. d4 cxd4 4. Nxd4 Nf6 5. Nc3 a6 6. Be3 e6 7. a4 b6 8. g4
Bb7 9. Bg2 d5 10. exd5 Bb4 11. Nc6 Bxc3+ 12. bxc3 Qc8 13. Bxb6 Nxc6 14. dxc6
Bxc6 15. Qd8+ Qxd8 16. Bxc6+ Qd7 17. Bxd7+ Nxd7 1/2-1/2

[Event "Nakhchivan Open"]
[Site "Nakhchivan AZE"]
[Date "2011.04.26"]
[Round "4"]
[White "Vallejo Pons, Francisco"]
[Black "Turov, Maxim"]
[Result "1-0"]
[WhiteElo "2707"]
[BlackElo "2635"]
[PlyCount "38"]
[EventDate "2011.04.23"]

1. e4 e5 2. Nf3 Nc6 3. Bb5 a6 4. Ba4 Nge7 5. d4 exd4 6. Bb3 Na5 7. Qxd4 Nxb3 8.
axb3 Nc6 9. Qd3 d6 10. Nd4 Bd7 11. Be3 Be7 12. Nc3 O-O 13. Nd5 Re8 14. O-O Bf8
15. Rfe1 Nxd4 16. Bxd4 Be6 17. Ne3 c6 18. c4 Qg5 19. Rf1 Qg6 1-0

[Event "Nakhchivan Open"]
[Site "Nakhchivan AZE"]
[Date "2011.04.26"]
[Round "4"]
[White "Wang Yue"]
[Black "Shanava, Konstantine"]
[Result "1-0"]
[WhiteElo "2734"]
[BlackElo "2560"]
[PlyCount "77"]
[EventDate "2011.04.23"]

1. Nf3 c5 2. c4 Nc6 3. g3 g6 4. Bg2 Bg7 5. O-O d6 6. Nc3 Nh6 7. a3 O-O 8. Rb1
a5 9. d3 Nf5 10. Bd2 Bd7 11. Ne1 Nfd4 12. e3 Ne6 13. Nc2 a4 14. Nd5 Na5 15. Bc3
b5 16. Bxg7 Kxg7 17. cxb5 Bxb5 18. f4 Ra6 19. f5 Nc7 20. Nc3 Bd7 21. e4 Nb3 22.
Rf2 e5 23. f6+ Kh8 24. Qe2 Rg8 25. Rbf1 Be6 26. Ne3 Qf8 27. Ned5 Nxd5 28. exd5
Bd7 29. Ne4 Qh6 30. d4 Rb6 31. dxc5 dxc5 32. Re1 Bf5 33. Nc3 Nd4 34. Qxe5 Nc2
35. Ree2 Rxb2 36. Be4 Nd4 37. Rxb2 Qc1+ 38. Kg2 Qxc3 39. Bxf5 1-0

[Event "Nakhchivan Open"]
[Site "Nakhchivan AZE"]
[Date "2011.04.27"]
[Round "5"]
[White "Almasi, Zoltan"]
[Black "Volkov, Sergey"]
[Result "1-0"]
[WhiteElo "2719"]
[BlackElo "2621"]
[PlyCount "90"]
[EventDate "2011.04.23"]

1. e4 e6 2. d4 d5 3. Nc3 Nf6 4. e5 Nfd7 5. f4 c5 6. Nf3 Nc6 7. Be3 Qb6 8. Na4
Qa5+ 9. c3 c4 10. b4 Qc7 11. Be2 Be7 12. O-O f5 13. Bf2 Nf8 14. Bh4 Ng6 15.
Bxe7 Ngxe7 16. Qe1 Bd7 17. Bd1 b6 18. Qg3 O-O 19. Nb2 b5 20. a4 a5 21. axb5 Na7
22. b6 Qxb6 23. Rxa5 Nec6 24. Na4 Qb8 25. Nc5 Bc8 26. Ra4 h6 27. Qe1 Rf7 28.
Rf2 Nb5 29. Rfa2 Rfa7 30. Bc2 Rxa4 31. Rxa4 Nc7 32. Qh4 Nb5 33. Qe1 Nc7 34. h3
Ne7 35. Qh4 Kf8 36. Rxa8 Nxa8 37. Ba4 Nb6 38. Bb5 Na8 39. Bd7 Nc7 40. Qh5 Kg8
41. Be8 Kh8 42. Qf7 Ng8 43. Nh4 Qb6 44. Ng6+ Kh7 45. Nf8+ Kh8 1-0

[Event "Nakhchivan Open"]
[Site "Nakhchivan AZE"]
[Date "2011.04.27"]
[Round "5"]
[White "Landa, Konstantin"]
[Black "Wang Yue"]
[Result "1/2-1/2"]
[WhiteElo "2609"]
[BlackElo "2734"]
[PlyCount "117"]
[EventDate "2011.04.23"]

1. e4 e5 2. Nf3 Nf6 3. Nxe5 d6 4. Nf3 Nxe4 5. Nc3 Nxc3 6. dxc3 Be7 7. Be3 Nc6
8. Qd2 Be6 9. Ng5 Bxg5 10. Bxg5 Qd7 11. Be2 O-O 12. O-O Rfe8 13. Rfe1 Bf5 14.
Bf3 Rab8 15. Bd5 Ne5 16. Bf4 b6 17. Bb3 Ng6 18. Bg3 Be6 19. Bd5 Bxd5 20. Qxd5
Qa4 21. b3 Qd7 22. c4 a5 23. a4 Re6 24. f3 Rbe8 25. Kf1 h6 26. Rad1 Ne7 27. Qb5
Qxb5 28. cxb5 Rxe1+ 29. Rxe1 f6 30. Re3 Kf7 31. Ke2 h5 32. Kd3 g5 33. Be1 Rd8
34. Bd2 h4 35. h3 Ng6 36. Re1 d5 37. Rf1 Ne5+ 38. Kd4 Ke6 39. f4 gxf4 40. Bxf4
c5+ 41. bxc6 Nxc6+ 42. Kd3 d4 43. c3 Ne5+ 44. Kd2 dxc3+ 45. Kxc3 Rc8+ 46. Kd2
Nd7 47. Rf3 Nc5 48. Ke2 Ne4 49. Be3 Nc3+ 50. Ke1 Nd5 51. Bf2 Rc2 52. Kf1 Ke5
53. Bxh4 Ke4 54. Kg1 Ne3 55. Rxf6 Rxg2+ 56. Kh1 Rb2 57. Re6+ Kf3 58. Rf6+ Ke4
59. Re6+ 1/2-1/2

[Event "Nakhchivan Open"]
[Site "Nakhchivan AZE"]
[Date "2011.04.27"]
[Round "5"]
[White "Sokolov, Ivan"]
[Black "Vallejo Pons, Francisco"]
[Result "1/2-1/2"]
[WhiteElo "2643"]
[BlackElo "2707"]
[PlyCount "107"]
[EventDate "2011.04.23"]

1. d4 d5 2. c4 c6 3. Nf3 Nf6 4. Nc3 e6 5. g3 dxc4 6. Bg2 b5 7. Ne5 Nd5 8. O-O
Bb7 9. e4 Nxc3 10. bxc3 Nd7 11. Bf4 h5 12. a4 a6 13. Nf3 Nb6 14. a5 Nd7 15. h4
Nf6 16. Qe2 Be7 17. Rfd1 Ng4 18. Ng5 Qd7 19. e5 Qc7 20. Bf3 Rd8 21. Ne4 g6 22.
Bg5 Nh6 23. Bxe7 Qxe7 24. Nc5 Kf8 25. Rab1 Rb8 26. Qe4 Kg7 27. Nxb7 Qxb7 28.
Qxc6 Qxc6 29. Bxc6 Nf5 30. Be4 Ne7 31. Kf1 Rhc8 32. Ke2 Nc6 33. Bxc6 Rxc6 34.
Kd2 Rd8 35. Kc2 Rd5 36. Kb2 f6 37. exf6+ Kxf6 38. f4 Rcd6 39. Ka3 Rf5 40. Kb4
Ke7 41. Rb2 Rdd5 42. Re2 Rd6 43. Rde1 Kd7 44. Re5 Ke7 45. Kc5 Kd7 46. R1e2 Rc6+
47. Kb4 Rd6 48. Rg2 Rd5 49. Rxd5+ Rxd5 50. g4 Kd6 51. gxh5 Rxh5 52. Rxg6 Rxh4
53. f5 Re4 54. Rxe6+ 1/2-1/2

[Event "Nakhchivan Open"]
[Site "Nakhchivan AZE"]
[Date "2011.04.28"]
[Round "6"]
[White "Vallejo Pons, Francisco"]
[Black "Almasi, Zoltan"]
[Result "1-0"]
[WhiteElo "2707"]
[BlackElo "2719"]
[PlyCount "61"]
[EventDate "2011.04.23"]

1. Nf3 Nf6 2. c4 e6 3. Nc3 Bb4 4. Qc2 O-O 5. a3 Bxc3 6. Qxc3 d6 7. b4 a5 8. g3
e5 9. Bg2 axb4 10. axb4 Rxa1 11. Qxa1 Re8 12. d3 Bg4 13. Be3 Qc8 14. h3 Be6 15.
g4 Nc6 16. b5 Ne7 17. Ng5 Bd7 18. f4 Ng6 19. f5 Nf4 20. Bxf4 exf4 21. Qd4 c6
22. b6 Qa8 23. Kf2 Qa2 24. Ne4 Nxe4+ 25. dxe4 Qa3 26. Rd1 c5 27. Qxd6 Qe3+ 28.
Kf1 Bc6 29. Qd3 f6 30. Qxe3 fxe3 31. e5 1-0

[Event "Nakhchivan Open"]
[Site "Nakhchivan AZE"]
[Date "2011.04.28"]
[Round "6"]
[White "Wang Yue"]
[Black "Durarbeyli, Vasif"]
[Result "1/2-1/2"]
[WhiteElo "2734"]
[BlackElo "2510"]
[PlyCount "35"]
[EventDate "2011.04.23"]

1. d4 d5 2. c4 c6 3. Nf3 Nf6 4. e3 Bf5 5. Nc3 e6 6. Nh4 Be4 7. f3 Bg6 8. Qb3
Qc7 9. Bd2 Be7 10. Rc1 Nbd7 11. g3 dxc4 12. Bxc4 O-O 13. Be2 Rad8 14. Nxg6 hxg6
15. f4 Nb6 16. Bf3 Qb8 17. Ne2 c5 18. dxc5 {B

[Event "Nakhchivan Open"]
[Site "Nakhchivan AZE"]
[Date "2011.04.29"]
[Round "7"]
[White "Guliev, Logman"]
[Black "Wang Yue"]
[Result "0-1"]
[WhiteElo "2468"]
[BlackElo "2734"]
[PlyCount "144"]
[EventDate "2011.04.23"]

1. e4 c6 2. d4 d5 3. exd5 cxd5 4. c4 Nf6 5. Nc3 Nc6 6. Nf3 Bg4 7. cxd5 Nxd5 8.
Qb3 Bxf3 9. gxf3 e6 10. Qxb7 Nxd4 11. Bb5+ Nxb5 12. Qc6+ Ke7 13. Qxb5 Qd7 14.
Nxd5+ Qxd5 15. Qxd5 exd5 16. O-O Rd8 17. Rd1 d4 18. b4 Ke6 19. Bb2 d3 20. Rac1
Bxb4 21. Rc4 Bd6 22. Rd4 f6 23. R1xd3 Bc7 24. h3 Bb6 25. Re4+ Kf5 26. Rxd8 Rxd8
27. Re2 Rd5 28. Kg2 h5 29. Bc1 Re5 30. Be3 Re7 31. f4 Re4 32. Kf3 Ra4 33. Rb2
Ra3 34. Rb5+ Kg6 35. Rb2 Bd8 36. Rd2 Ba5 37. Rb2 a6 38. Ke4 Ra4+ 39. Kf3 Bb4
40. Rc2 a5 41. Bc1 Kf5 42. Rb2 Ra3+ 43. Be3 h4 44. Rc2 Bd6 45. Kg2 Bxf4 46. Bc5
Ra4 47. a3 Be5 48. Bf8 g5 49. Rc5 Ke4 50. Be7 Kd3 51. Rc6 Rf4 52. Bd8 a4 53.
Be7 Bd4 54. f3 Be5 55. Bd8 Rc4 56. Re6 Kc2 57. Be7 Kb3 58. Rb6+ Ka2 59. Ra6 Bb2
60. Ra5 Rc7 61. Bb4 Rc2+ 62. Kf1 Kb3 63. Be7 Rc7 64. Rb5+ Ka2 65. Bd6 Rc6 66.
Rd5 Bxa3 67. Rd2+ Bb2 68. f4 a3 69. fxg5 fxg5 70. Rd5 Rxd6 71. Rxd6 Kb1 72.
Rd1+ Kc2 0-1

[Event "Nakhchivan Open"]
[Site "Nakhchivan AZE"]
[Date "2011.04.30"]
[Round "8"]
[White "Vallejo Pons, Francisco"]
[Black "Safarli, Eltaj"]
[Result "1/2-1/2"]
[WhiteElo "2707"]
[BlackElo "2628"]
[PlyCount "75"]
[EventDate "2011.04.23"]

1. Nf3 Nf6 2. c4 e6 3. d4 b6 4. g3 Bb4+ 5. Bd2 Bxd2+ 6. Qxd2 Bb7 7. Bg2 O-O 8.
Nc3 d6 9. O-O Ne4 10. Nxe4 Bxe4 11. Qe3 Bb7 12. Qd3 f5 13. Qe3 Re8 14. c5 Nd7
15. cxd6 cxd6 16. Rac1 Nf6 17. Nh4 Bxg2 18. Nxg2 Nd5 19. Qd3 Qd7 20. e4 fxe4
21. Qxe4 Rac8 22. Nf4 Nxf4 23. Qxf4 Rf8 24. Qe4 d5 25. Qg4 Rxc1 26. Rxc1 Rc8
27. Rxc8+ Qxc8 28. Kg2 h6 29. Qg6 Kf8 30. b3 a5 31. Qd3 Qc1 32. Qb5 Qc2 33.
Qxb6 Qe4+ 34. Kg1 Qe1+ 35. Kg2 Qe4+ 36. Kf1 Qb1+ 37. Ke2 Qxa2+ 38. Kf3 1/2-1/2

[Event "Nakhchivan Open"]
[Site "Nakhchivan AZE"]
[Date "2011.04.30"]
[Round "8"]
[White "Wang Yue"]
[Black "Almasi, Zoltan"]
[Result "1/2-1/2"]
[WhiteElo "2734"]
[BlackElo "2719"]
[PlyCount "61"]
[EventDate "2011.04.23"]

1. d4 Nf6 2. c4 e6 3. Nc3 Bb4 4. Qc2 d5 5. cxd5 Qxd5 6. Nf3 Qf5 7. Qd1 c5 8. e3
O-O 9. Bd3 Qh5 10. O-O Nc6 11. Ne2 cxd4 12. exd4 Bd6 13. Bd2 b6 14. Bf4 Bxf4
15. Nxf4 Qh6 16. Ne2 Nb4 17. a3 Nxd3 18. Qxd3 Bb7 19. Rac1 Rac8 20. Rfe1 Bxf3
21. Qxf3 Qd2 22. b4 Nd5 23. g3 h6 24. Rcd1 Qg5 25. Rc1 Qe7 26. Nc3 Nxc3 27.
Rxc3 Rxc3 28. Qxc3 Rd8 29. Rc1 Rd7 30. h4 Qd6 31. Qe3 1/2-1/2

[Event "Nakhchivan Open"]
[Site "Nakhchivan AZE"]
[Date "2011.05.01"]
[Round "9"]
[White "Almasi, Zoltan"]
[Black "Smirin, Ilya"]
[Result "1/2-1/2"]
[WhiteElo "2719"]
[BlackElo "2658"]
[PlyCount "37"]
[EventDate "2011.04.23"]

1. e4 c5 2. Nf3 e6 3. d4 cxd4 4. Nxd4 a6 5. Bd3 Bc5 6. Nb3 Ba7 7. Qe2 Nc6 8.
Be3 d6 9. O-O e5 10. c4 Nf6 11. Nc3 Be6 12. Bxa7 Rxa7 13. Qe3 b6 14. Rfd1 Nd7
15. Be2 Nc5 16. f4 f6 17. Bh5+ g6 18. Be2 O-O 19. Rd2 1/2-1/2

[Event "Nakhchivan Open"]
[Site "Nakhchivan AZE"]
[Date "2011.05.01"]
[Round "9"]
[White "Korobov, Anton"]
[Black "Vallejo Pons, Francisco"]
[Result "1-0"]
[WhiteElo "2647"]
[BlackElo "2707"]
[PlyCount "115"]
[EventDate "2011.04.23"]

1. d4 d5 2. c4 c6 3. Nc3 Nf6 4. Nf3 dxc4 5. a4 Bf5 6. e3 e6 7. Bxc4 Bb4 8. O-O
O-O 9. Qe2 Nbd7 10. e4 Bg4 11. Rd1 Bh5 12. h3 Re8 13. Bf4 Nd5 14. Bd2 Qa5 15.
g4 Bg6 16. Rac1 N5b6 17. Bb3 Rac8 18. Na2 Bxd2 19. Qxd2 Qxd2 20. Nxd2 a5 21. f4
f6 22. Nc3 Rcd8 23. Nf3 h6 24. Kf2 Kf8 25. h4 Ke7 26. h5 Bf7 27. Nh4 Nf8 28.
Ne2 Rd7 29. Rc5 Ra8 30. Ng3 Kd8 31. g5 fxg5 32. fxg5 e5 33. d5 hxg5 34. Nf3
cxd5 35. exd5 Rc8 36. Rxa5 Nc4 37. Bxc4 Rxc4 38. Nxe5 Rf4+ 39. Kg1 Rd6 40. Ra8+
Ke7 41. Re1 Bxd5 42. Ng6+ Kd7 43. Nxf4 gxf4 44. Rxf8 fxg3 45. Rd1 Ke6 46. Re8+
Kf6 47. Re3 Re6 48. Rxe6+ Bxe6 49. Rd6 Ke5 50. Rxe6+ Kxe6 51. Kg2 Kf5 52. a5
Kf4 53. b4 Ke4 54. b5 Kd5 55. Kxg3 Kc5 56. a6 bxa6 57. bxa6 Kb6 58. Kg4 1-0

[Event "Nakhchivan Open"]
[Site "Nakhchivan AZE"]
[Date "2011.05.01"]
[Round "9"]
[White "Sokolov, Ivan"]
[Black "Wang Yue"]
[Result "1-0"]
[WhiteElo "2643"]
[BlackElo "2734"]
[PlyCount "127"]
[EventDate "2011.04.23"]

1. d4 Nf6 2. c4 g6 3. Nc3 d5 4. Nf3 Bg7 5. Qa4+ Bd7 6. Qb3 dxc4 7. Qxc4 O-O 8.
Bf4 Na6 9. e4 c5 10. e5 Nh5 11. Be3 cxd4 12. Qxd4 Bc6 13. Be2 Bxf3 14. Bxf3
Qxd4 15. Bxd4 Nb4 16. O-O-O Nf4 17. Kb1 Ne6 18. Be3 Nc6 19. Bxc6 bxc6 20. f4 f6
21. exf6 Bxf6 22. Ne4 Bg7 23. g3 Rfb8 24. Rd2 Rb4 25. Nc5 Nxc5 26. Bxc5 Rb7 27.
Rhd1 Kf7 28. Bd4 Rd8 29. Bxg7 Rxd2 30. Rxd2 Kxg7 31. Rc2 Rc7 32. Rc5 Kf6 33.
Kc2 Ke6 34. b4 Kd7 35. Kc3 Kd6 36. a3 e6 37. Kc4 a6 38. Ra5 Ra7 39. Kd4 Ra8 40.
Ke4 Ra7 41. g4 Ra8 42. h4 Ra7 43. g5 Ra8 44. Kf3 Rf8 45. Kg4 Ra8 46. h5 Ra7 47.
h6 Ra8 48. Kg3 Ra7 49. Kf3 Ra8 50. Ke3 Ra7 51. a4 Rb7 52. Rxa6 Rxb4 53. Ra7 e5
54. Rxh7 exf4+ 55. Kf3 Rxa4 56. Rg7 Ke5 57. Rxg6 Kf5 58. h7 Ra3+ 59. Kf2 Ra2+
60. Ke1 Ra1+ 61. Kd2 Ra2+ 62. Kc3 Ra3+ 63. Kb2 Kxg6 64. h8=Q 1-0

[Event "Swiss League"]
[Site "Switzerland SUI"]
[Date "2011.02.27"]
[Round "1"]
[White "Cvitan, O."]
[Black "Caruana, F."]
[Result "1/2-1/2"]
[WhiteElo "2498"]
[BlackElo "2721"]
[PlyCount "80"]
[EventDate "2011.02.27"]

1. d4 Nf6 2. c4 c5 3. e3 g6 4. Nc3 Bg7 5. d5 O-O 6. Nf3 e6 7. Be2 exd5 8. cxd5
d6 9. O-O Bg4 10. h3 Bxf3 11. Bxf3 Re8 12. Bd2 Na6 13. Qc2 Rc8 14. Rfd1 Nb4 15.
Qb3 Nd3 16. Rab1 c4 17. Qa3 Nd7 18. Be2 N7c5 19. b4 cxb3 20. Bxd3 Nxd3 21. Rxb3
Nc5 22. Rbb1 a6 23. Ne2 Qh4 24. Bb4 Be5 25. Nd4 Ne4 26. Be1 Qe7 27. Qb4 Rc7 28.
Rdc1 Nc5 29. Nf3 Bf6 30. Qa3 Qe4 31. Rd1 Qa4 32. Bb4 Qxa3 33. Bxa3 Rec8 34. Nd2
b5 35. Bb4 Be7 36. Ba5 Rb7 37. Rdc1 Rbb8 38. Kf1 Kf8 39. Nf3 Bf6 40. Nd4 Bxd4
1/2-1/2

[Event "Swiss League"]
[Site "Switzerland SUI"]
[Date "2011.02.27"]
[Round "1"]
[White "Istratescu, A."]
[Black "Dreev, A."]
[Result "1/2-1/2"]
[WhiteElo "2613"]
[BlackElo "2694"]
[PlyCount "65"]
[EventDate "2011.02.27"]

1. e4 c6 2. d4 d5 3. Nc3 dxe4 4. Nxe4 Bf5 5. Ng3 Bg6 6. Nf3 Nf6 7. h4 h6 8. Ne5
Bh7 9. Bd3 Nbd7 10. Bxh7 Nxe5 11. dxe5 Qa5+ 12. Kf1 Nxh7 13. Qe2 e6 14. Bd2 Bb4
15. Bxb4 Qxb4 16. Ne4 O-O 17. c3 Qe7 18. g3 f6 19. exf6 Nxf6 20. Nxf6+ Rxf6 21.
Kg2 e5 22. Qc4+ Kh8 23. a4 Raf8 24. Rhf1 Qd7 25. Rae1 Rf4 26. Qc5 b6 27. Qxe5
Rxa4 28. Rd1 Qf7 29. Rd6 Qf3+ 30. Kg1 Re4 31. Rxh6+ Kg8 32. Qh5 gxh6 33. Qg6+
1/2-1/2

[Event "Swiss League"]
[Site "Switzerland SUI"]
[Date "2011.03.20"]
[Round "2"]
[White "Caruana, F."]
[Black "Netzer, Je"]
[Result "1-0"]
[WhiteElo "2721"]
[BlackElo "2400"]
[PlyCount "63"]
[EventDate "2011.02.27"]

1. e4 c5 2. Nf3 e6 3. d4 cxd4 4. Nxd4 Nc6 5. Nc3 Qc7 6. Be2 a6 7. Be3 Nf6 8. a3
Bd6 9. Qd2 Nxd4 10. Bxd4 Bf4 11. Qd3 e5 12. Be3 Bxe3 13. Qxe3 O-O 14. O-O-O d6
15. f4 b5 16. g4 exf4 17. Qxf4 Bb7 18. g5 Nd7 19. Rxd6 f5 20. Rhd1 fxe4 21. Qe3
Nc5 22. Kb1 Rae8 23. Bg4 Bc8 24. Bh5 Re5 25. h4 Qe7 26. R6d5 Bb7 27. R5d2 Bc6
28. Bg4 Rb8 29. Rd6 Bb7 30. b4 Na4 31. Nxa4 bxa4 32. Qb6 1-0

[Event "Swiss League"]
[Site "Switzerland SUI"]
[Date "2011.03.20"]
[Round "2"]
[White "Dreev, A."]
[Black "Elezi, E."]
[Result "1-0"]
[WhiteElo "2694"]
[BlackElo "2221"]
[PlyCount "67"]
[EventDate "2011.02.27"]

1. d4 d5 2. c4 c6 3. Nf3 Nf6 4. Qb3 e6 5. Bg5 Nbd7 6. e3 Be7 7. Nc3 O-O 8. Rc1
Re8 9. Bd3 b6 10. cxd5 exd5 11. O-O Bb7 12. Rfd1 Nf8 13. Ne5 N6d7 14. Ba6 Nxe5
15. Bxb7 Rb8 16. dxe5 Rxb7 17. Bf4 Rd7 18. Qa4 Qa8 19. Bg3 Red8 20. Qg4 c5 21.
Nb5 a6 22. Nd6 Bxd6 23. exd6 Ne6 24. Be5 d4 25. exd4 cxd4 26. f4 Qe4 27. Re1
Qg6 28. Qh3 Nc5 29. b4 Nb7 30. Rc7 f5 31. Rd1 Nxd6 32. Rxd7 Rxd7 33. Rxd4 Rd8
34. Qd3 1-0

[Event "Swiss League"]
[Site "Switzerland SUI"]
[Date "2011.05.08"]
[Round "4"]
[White "Caruana, F."]
[Black "Milov, V."]
[Result "1-0"]
[WhiteElo "2721"]
[BlackElo "2653"]
[PlyCount "65"]
[EventDate "2011.02.27"]

1. e4 e5 2. Nf3 Nc6 3. Bb5 Nf6 4. O-O Nxe4 5. d4 Nd6 6. Bxc6 dxc6 7. dxe5 Nf5
8. Qxd8+ Kxd8 9. Nc3 h6 10. h3 Bd7 11. b3 Kc8 12. Bb2 a5 13. a4 Bb4 14. Ne4 Be6
15. g4 Bd5 16. Nfd2 Bxd2 17. Nxd2 Nh4 18. Kh2 g5 19. e6 Re8 20. exf7 Bxf7 21.
Kg3 Rd8 22. Ne4 c5 23. f4 Bd5 24. Rae1 Bxe4 25. Rxe4 Rd2 26. Rf2 Rxf2 27. Kxf2
Kd7 28. f5 Ra6 29. Bc3 Rd6 30. Bxa5 Rd1 31. Be1 Rc1 32. Re2 Kd6 33. Ke3 1-0

[Event "Swiss League"]
[Site "Switzerland SUI"]
[Date "2011.05.08"]
[Round "4"]
[White "Dreev, A."]
[Black "Jussupow, Ar"]
[Result "1/2-1/2"]
[WhiteElo "2694"]
[BlackElo "2576"]
[PlyCount "71"]
[EventDate "2011.02.27"]

1. d4 Nf6 2. c4 e6 3. Nc3 d5 4. cxd5 exd5 5. Bg5 Be7 6. e3 O-O 7. Bd3 Nbd7 8.
Qc2 Re8 9. Nge2 Nf8 10. h3 c6 11. O-O-O a5 12. Kb1 b5 13. Ng3 a4 14. Nce2 Ra6
15. f3 h6 16. Bxf6 Bxf6 17. e4 dxe4 18. fxe4 Be6 19. e5 Be7 20. Nf4 a3 21. b3
Kh8 22. d5 Bxd5 23. Bxb5 cxb5 24. Nxd5 Qb8 25. Qc7 Qa8 26. Qc3 Rc8 27. Qf3 Ng6
28. Nxe7 Qxf3 29. gxf3 Nxe7 30. Ne4 Ng6 31. Nd6 Rc3 32. Nxf7+ Kg8 33. Nd6 Rxf3
34. e6 Rf2 35. Nxb5 Rxe6 36. Nxa3 1/2-1/2

[Event "Swiss League"]
[Site "?"]
[Date "2011.06.26"]
[Round "5"]
[White "Dreev, Alexei"]
[Black "Bauer, Christian"]
[Result "1-0"]
[WhiteElo "2694"]
[BlackElo "2633"]
[PlyCount "81"]
[EventDate "2011.06.12"]
[SourceDate "2011.07.01"]

1. d4 d5 2. c4 dxc4 3. e4 e5 4. Nf3 exd4 5. Bxc4 Nc6 6. O-O Nf6 7. Qb3 Qd7 8.
Ng5 Ne5 9. Bb5 c6 10. f4 cxb5 11. fxe5 h6 12. exf6 hxg5 13. Bxg5 Rh5 14. fxg7
Bxg7 15. Bf4 Qe6 16. Qd3 Bd7 17. Nd2 Bc6 18. Rae1 O-O-O 19. Nb3 Be5 20. Na5
Bxf4 21. Rxf4 Qh6 22. Qf3 Rg5 23. Qf2 Rdg8 24. g3 Rh5 25. Rf6 Rg6 26. Rxg6 fxg6
27. Nxc6 bxc6 28. e5 Qh8 29. Qf6 Qxf6 30. exf6 Rf5 31. Rf1 Rxf1+ 32. Kxf1 Kd7
33. b4 Ke6 34. h4 Kxf6 35. g4 Ke5 36. Ke2 Kf4 37. h5 gxh5 38. gxh5 Kg5 39. Kd3
Kxh5 40. Kxd4 Kg5 41. Kc5 1-0

[Event "41st Bosna Open 2011"]
[Site "Sarajevo BIH"]
[Date "2011.05.06"]
[Round "4"]
[White "Jobava, Ba"]
[Black "Kovacevic, A."]
[Result "1-0"]
[WhiteElo "2704"]
[BlackElo "2575"]
[PlyCount "63"]
[EventDate "2011.05.03"]

1. d4 Nf6 2. c4 e6 3. Nf3 b6 4. a3 Bb7 5. Nc3 d5 6. Qc2 Nbd7 7. cxd5 Nxd5 8.
Nxd5 Bxd5 9. Bg5 Be7 10. Bxe7 Kxe7 11. e4 Bb7 12. Bb5 Nf6 13. Bc6 Bxc6 14. Qxc6
Qd7 15. Qc2 c5 16. Rd1 Rac8 17. O-O cxd4 18. Qd3 Qc7 19. e5 Nd5 20. Nxd4 Qxe5
21. Rfe1 Qh5 22. f4 g6 23. f5 gxf5 24. Nxe6 fxe6 25. Qxd5 Qf7 26. Qb7+ Kf6 27.
Rd7 Qg6 28. Re7 Qf7 29. Rd7 Qf8 30. b4 Rc2 31. Qxa7 Rg8 32. g3 1-0

[Event "41st Bosna Open 2011"]
[Site "Sarajevo BIH"]
[Date "2011.05.08"]
[Round "5"]
[White "Lenic, Luka"]
[Black "Jobava, Baadur"]
[Result "0-1"]
[WhiteElo "2637"]
[BlackElo "2704"]
[PlyCount "72"]
[EventDate "2011.??.??"]

1. d4 Nf6 2. c4 e6 3. Nf3 c5 4. g3 cxd4 5. Nxd4 a6 6. Bg2 Qc7 7. b3 h5 8. h3
Nc6 9. Bb2 Nxd4 10. Qxd4 Bc5 11. Qd3 d6 12. Qf3 Rb8 13. O-O b5 14. Nd2 Bb7 15.
Qd3 bxc4 16. Nxc4 Bxg2 17. Kxg2 Qb7+ 18. Kg1 d5 19. Ne5 O-O 20. Qf3 Ne4 21. Nd3
Bb6 22. e3 Nd2 23. Qxh5 d4 24. Rfd1 Nf3+ 25. Kf1 Rfd8 26. Ke2 Nh2 27. Ne1 Rd5
28. Qh4 Rf5 29. Rxd4 Nf3 30. Qg4 Bxd4 31. Bxd4 Qb5+ 32. Nd3 g6 33. Rc1 Rd8 34.
Rc4 e5 35. Bc5 Qa5 36. Rc2 Rxd3 0-1